[Event "Santa Margalida Mallorca-ch"]
[Site "Santa Margalida"]
[Date "2016.12.03"]
[Round "8"]
[White "Storti Fornes, Sergio Adrian"]
[Black "Vanrell Sastre, Joan"]
[Result "1/2-1/2"]
[WhiteElo "1295"]
[BlackElo "1206"]
[PlyCount "31"]
[EventDate "2016.11.11"]
[EventType "swiss"]
[EventRounds "8"]
[EventCountry "ESP"]
[SourceTitle "EXT 2018"]
[Source "ChessBase"]
[SourceDate "2017.10.13"]
[SourceVersion "1"]
[SourceVersionDate "2017.10.13"]
[SourceQuality "1"]

1. d4 d5 2. Nf3 Nf6 3. g3 g6 4. c4 e6 5. cxd5 exd5 6. Bg2 Bg7 7. Nc3 Nc6 8. Bf4 0-0 9. 0-0 h6 10. Re1 Re8 11. e3 Be6 12. Ne5 g5 13. Nxc6 bxc6 14. Be5 Rb8 15. b3 Qd7 16. Na4 1/2-1/2